| 000 | 00742nam a2200265 4500 | ||
|---|---|---|---|
| 001 | 17557 | ||
| 003 | BD-RjUL | ||
| 005 | 20211209000147.0 | ||
| 008 | 140217s1970 nyu 001 0 eng d | ||
| 020 | _a0670209945 | ||
| 035 | _a(BD-RjUL)17615 | ||
| 040 |
_aDLC _cDLC _dDLC _dBD-RjUL _beng |
||
| 041 | _aeng | ||
| 082 | 0 | 0 |
_a808.88 _bAUC 1970 |
| 100 | 1 |
_aAuden, W. H. _q(Wystan Hugh), _d1907-1973, _93365 |
|
| 245 | 1 | 2 |
_aA certain world : _ba commonplace book / _cby W. H. Auden. |
| 260 |
_aNew York : _bViking Press, _c1970. |
||
| 300 |
_aviii, 438 p. : _c23 cm. |
||
| 500 | _aA William Cole Book | ||
| 504 | _aIncludes index. | ||
| 650 | 0 |
_aCommonplace books. _954107 |
|
| 942 |
_2ddc _cBK |
||
| 999 |
_c17557 _d17557 |
||